00359nam a2200109Ia 4500008004100000100001900041245008300060260004200143300001200185650002900197700002300226220216s9999 xx 000 0 und d aPatil Pankaj Y 0aMechanism of improved aged rubber-to-brass adhesion using one-component resins bRubber Chemistry and Technologyc2005 a155-173 aRubber-to-brass adhesion aOoij William J van